Depuis (poemes)
保存先:
| 第一著者: | |
|---|---|
| フォーマット: | 図書 |
| 言語: | Undetermined |
| 出版事項: |
Ha Noi
Langues Etrangeres
1968
|
| 主題: | |
| タグ: |
タグ追加
タグなし, このレコードへの初めてのタグを付けませんか!
|
| Thư viện lưu trữ: | Trung tâm Học liệu Trường Đại học Cần Thơ |
|---|
| LEADER | 00529nam a2200193Ia 4500 | ||
|---|---|---|---|
| 001 | CTU_218193 | ||
| 008 | 210402s9999 xx 000 0 und d | ||
| 082 | |a 895.922134 | ||
| 082 | |b T450 | ||
| 100 | |a Tố Hữu | ||
| 245 | 0 | |a Depuis (poemes) | |
| 245 | 0 | |c Tố Hữu | |
| 260 | |a Ha Noi | ||
| 260 | |b Langues Etrangeres | ||
| 260 | |c 1968 | ||
| 650 | |a Vietnamese poetry,Thơ Việt Nam | ||
| 650 | |y 20th century,Thế kỷ 20 | ||
| 904 | |i Nguyên | ||
| 980 | |a Trung tâm Học liệu Trường Đại học Cần Thơ | ||